000 00373nam a22001577a 4500
003 OSt
005 20211228150449.0
008 211228b |||||||| |||| 00| 0 eng d
020 _a8126507659
040 _cHU
082 _a001.6
245 _aData Communication and Net Works
260 _aIndia
_bJohn Willy
_c2002
300 _ax 268p
_bpc
_c24
942 _2ddc
_cBOOKS
_n0
999 _c24680
_d24680